00377pam a2200145a 44500008004100000020002600041082001500067100002200082245003600104260003200140300001000172700001900182906001100201999001900212230405s2005 xxu||||| |||| 00| 0 eng d a8180614727cRs.163.12 a618.2bWAL aWalvekar, Vandana aManual of Perinatal Infections  aNew DelhibJaypee Pubc2005 a194 p aJassawalla, MJ a000720 c249490d249490